| 000 | 00717cab a2200241 4500 | ||
|---|---|---|---|
| 001 | ABS55281 | ||
| 008 | 090401t1996 xxu||||| |||| 00| 0 eng d | ||
| 035 | _a(Sirsi) u15421 | ||
| 041 | _aeng | ||
| 100 | _aHuxtable, J | ||
| 245 | _aStudying the form | ||
| 260 | _c1996 | ||
| 350 | _a0 | ||
| 490 |
_aBuilding _v261(7945) Procurement supplement 14 June 1996, 10- |
||
| 520 | _aOutlines the potentially hazardous clauses in Norwest Holst`s subcontract. Second in a series looking at problematic subcontracts. | ||
| 650 | _aCONTRACTORS | ||
| 650 | _aDOM/1 | ||
| 650 | _aNORWEST HOLST | ||
| 650 | _aSUBCONTRACTS | ||
| 690 | _aBUILT ENVIRONMENT-BUILDING CONTRACT FORMS | ||
| 942 | _n0 | ||
| 948 | _c04/03/1997 | ||
| 999 |
_c10112 _d10112 |
||